| 000 | 00650 a2200157 4500 | ||
|---|---|---|---|
| 003 | Nust | ||
| 005 | 20230621091350.0 | ||
| 040 | _cNust | ||
| 082 | _a509,JEA | ||
| 100 |
_aJeans, James Hopwood _940003 |
||
| 245 |
_aThe new background of science / _cJames Hopwood Jeans |
||
| 260 |
_aNew York _bMacmillan _c1934 |
||
| 505 | _aThe Approach To The External World (Page-1), The Methods Of Science (Page-45), The Framework Of The External World (Page-70), Mechanism (Page-112), The Texture Of The External (Page-147), Wave-Mechanics (Page-194), Indeterminacy (Page-231), Events (Page-262). | ||
| 650 |
_aPhysics --Philosophy. _9113196 |
||
| 942 |
_2ddc _cBK |
||
| 999 |
_c179691 _d179691 |
||